书目信息 |
| 题名: |
第二次青藏高原大气科学试验理论研究进展
|
|
| 作者: | 陶诗言 , 陈联寿 , 徐祥德 , 萧永生 主编 | |
| 分册: | 一 | |
| 出版信息: | 北京 气象出版社 1999.06 |
|
| 页数: | 348页 | |
| 开本: | 26cm | |
| 丛书名: | ||
| 单 册: | ||
| 中图分类: | P4-53 | |
| 科图分类: | ||
| 主题词: | 大气科学--科学实验--研究--文集 | |
| 电子资源: | ||
| ISBN: | 7-5029-2724-7 | |
| 000 | 01033nam0 2200289 450 | |
| 001 | 0155389915 | |
| 005 | 20051018091814.66 | |
| 010 | @a7-5029-2724-7@dCNY38.00 | |
| 100 | @a20050912d1999 km y0chiy0120 ea | |
| 101 | 0 | @achi |
| 102 | @aCN@b110000 | |
| 105 | @aa a 000yy | |
| 200 | 1 | @a第二次青藏高原大气科学试验理论研究进展@Adi er ci qing cang gao yuan da qi ke xue shi yan li lun yan jiu jin zhan@h一@f陶诗言 … [等] 主编@Ftao shi yan…[deng]zhu bian |
| 210 | @a北京@c气象出版社@d1999.06 | |
| 215 | @a348页@c图@d26cm | |
| 300 | @a国家科技部攀登-B项目(TIPEX) | |
| 304 | @a本书著者陶诗言, 陈联寿, 徐祥德, 萧永生。 | |
| 320 | @a有书目。 | |
| 330 | @a全书共有:高原地气物理过程、高原与大气环流、高原与东亚季风等五部分。 | |
| 606 | 0 | @a大气科学@x科学实验@x研究@j文集 |
| 690 | @aP4-53@v4 | |
| 701 | 0 | @a陶诗言@Atao shi yan@4主编 |
| 701 | 0 | @a陈联寿@Achen lian shou@4主编 |
| 701 | 0 | @a徐祥德@Axu xiang de@4主编 |
| 701 | 0 | @a萧永生@Axiao yong sheng@4主编 |
| 801 | 0 | @aCN@bQSSK@c20051018 |
| 905 | @a10447@dP4-53@eT338 | |
| 第二次青藏高原大气科学试验理论研究进展.一/陶诗言 … [等] 主编.-北京:气象出版社,1999.06 |
| 348页:图;26cm |
| 国家科技部攀登-B项目(TIPEX) |
| ISBN 7-5029-2724-7:CNY38.00 |
| 全书共有:高原地气物理过程、高原与大气环流、高原与东亚季风等五部分。 |
| ● |
| 相关链接 |
|
|
|
正题名:第二次青藏高原大气科学试验理论研究进展
索取号:P4-53/T338
 
预约/预借
| 序号 | 登录号 | 条形码 | 馆藏地/架位号 | 状态 | 备注 |
| 1 | 569448 | 205694480 | 自科库401/401自科库 127排2列4层/ [索取号:P4-53/T338] | 在馆 | |
| 2 | 569449 | 205694499 | 期刊室512/401自科库 122排1列1层/ [索取号:P4-53/T338] | 在馆 | |
| 3 | 569450 | 205694505 | 期刊室512/401自科库 122排1列1层/ [索取号:P4-53/T338] | 在馆 |